[Event "Just a big, fast round robin"]
[Site "SchemingMind.com"]
[Date "2008.12.09"]
[Round "-"]
[White "Negrito19"]
[Black "Orhany24"]
[Result "0-1"]
[WhiteCountry "ARG"]
[BlackCountry "TUR"]
[WhiteElo "1630"]
[WhiteRD "61"]
[BlackElo "1813"]
[BlackRD "73"]
[GameID "182571"]

1. Nf3 d5 2. d4 e6 3. Nc3 h6 4. a3 Nf6 5. Bf4 a6 6. e3 Bd6 7. Be5 O-O 8. Bd3 c5 9. b3 b5 10. dxc5 Bxc5
11. b4 Bd6 12. Bd4 Bb7 13. h3 Nc6 14. Bxf6 Qxf6 15. Qd2 Rac8 16. O-O Ne7 17. Ne2 e5 18. e4 dxe4 19. Bxe4 Bxe4 20. Ne1 Qg6
21. f3 Bxc2 22. Rc1 Bf5 23. Kh1 Rfd8 24. Rxc8 Rxc8 25. g4 Bd7 26. Ng2 Rc2 27. Qd1 Rc8 28. Nh4 Qe6 29. Re1 Qf6 30. Ng2 Bc6
31. Ng3 Qxf3 32. Qxf3 Bxf3 33. Rf1 e4 34. Nf5 Nxf5 35. gxf5 Rc2 36. Rg1 Bf4 37. h4 Be3 38. Re1 Bxg2+ 39. Kh2 Bf4+ 40. Kg1 Bf3
41. Kf1 Bg3 42. Ra1 Rh2 43. Rd1 Rh1#
0-1

[Event "Just a big, fast round robin"]
[Site "SchemingMind.com"]
[Date "2008.12.09"]
[Round "-"]
[White "Orhany24"]
[Black "Negrito19"]
[Result "1-0"]
[WhiteCountry "TUR"]
[BlackCountry "ARG"]
[WhiteElo "1813"]
[WhiteRD "73"]
[BlackElo "1630"]
[BlackRD "61"]
[GameID "182572"]

1. e4 e5 2. Nf3 d6 3. d4 Bg4 4. dxe5 Bxf3 5. Qxf3 dxe5 6. Bc4 Qf6 7. Qb3 Bc5 8. O-O b6 9. Nc3 Ne7 10. Nd5 Nxd5
11. Bxd5 c6 12. Bc4 b5 13. Be2 Nd7 14. c4 a6 15. cxb5 axb5 16. Bxb5 cxb5 17. Qxb5 Rb8 18. Qa4 Qd8 19. Be3 Bxe3 20. fxe3 O-O
21. Rad1 Rb7 22. a3 Qe7 23. Qc6 Nc5 24. b4 Rc7 25. Qd5 Nd7 26. Qa5 Nf6 27. b5 Ra7 28. Qb6 Rxa3 29. Qc6 Rxe3 30. b6 Nxe4
31. b7 Qc5 32. Qxc5 Nxc5 33. Rb1 Rb8 34. Rfc1 g6 35. Rxc5 Kg7 36. Rc8 Rxb7 37. Rxb7 h5 38. Rcc7 Kh6 39. Rxf7 e4 40. h4 g5
41. Rb6#
1-0

[Event "Just a big, fast round robin"]
[Site "SchemingMind.com"]
[Date "2008.12.11"]
[Round "-"]
[White "acbrasileiro"]
[Black "Orhany24"]
[Result "1-0"]
[WhiteCountry "BRA"]
[BlackCountry "TUR"]
[WhiteElo "1922"]
[WhiteRD "77"]
[BlackElo "1766"]
[BlackRD "74"]
[GameID "182799"]

1. d4 d5 2. Bf4 e6 3. e3 h6 4. Nf3 Nf6 5. Bd3 c5 6. c3 Bd6 7. Bb5+ Nc6 8. Bxd6 Qxd6 9. Ne5 O-O 10. Bxc6 bxc6
11. Qa4 Bb7 12. Nd2 cxd4 13. cxd4 Nd7 14. Nxd7 Qxd7 15. Nb3 Qd6 16. Nc5 Bc8 17. Rc1 a5 18. b4 Ba6 19. Nxa6 Rxa6 20. O-O Rfa8
21. b5 cxb5 22. Qxb5 Qb4 23. Rb1 Qa3 24. Rb2 a4 25. Rfb1 Ra5 26. Qb4 Qd3 27. Qd2 Qc4 28. Qc2 a3 29. Rb8+
1-0

[Event "Just a big, fast round robin"]
[Site "SchemingMind.com"]
[Date "2008.12.11"]
[Round "-"]
[White "acbrasileiro"]
[Black "Negrito19"]
[Result "1-0"]
[WhiteCountry "BRA"]
[BlackCountry "ARG"]
[WhiteElo "1975"]
[WhiteRD "73"]
[BlackElo "1630"]
[BlackRD "61"]
[GameID "182800"]

1. b3 e5 2. Bb2 Nc6 3. e3 d5 4. Bb5 Ne7 5. Bxe5 a6 6. Bxc6+ Nxc6 7. Bb2 Bf5 8. Nf3 Bd6 9. O-O Qe7 10. Nd4 Nxd4
11. Bxd4 O-O-O 12. d3 c5 13. Bb2 h5 14. Nd2 Bg4 15. Qe1 Qg5 16. f4 Qg6 17. Nf3 f6 18. Nh4 Qf7 19. f5 Qc7 20. Nf3 Bxf5
21. Qd2 Rh6 22. Nh4 Bxh2+ 23. Kh1 Bg4 24. Nf5 Rg6 25. Ne7+ Qxe7 26. Kxh2 Rh8 27. Rf4 h4 28. Qf2 h3 29. g3 Rh5 30. Rg1 f5
31. Qd2 Rgh6 32. Re1 g5 33. Rff1 Qd6 34. Qf2 Kd7 35. e4 f4 36. gxf4 Be6 37. e5 Qc7 38. f5 Bf7 39. Qg3 Kc6 40. e6 Qxg3+
41. Kxg3 Be8 42. Bg7 Rh7 43. f6 Bg6 44. f7 h2 45. f8=Q Rh3+ 46. Kg2 R7h4 47. Qc8+ Kb6 48. Bf8 Ka7 49. Bxc5+ b6 50. Qc7+ Ka8
51. Rf8+ Be8 52. Rxe8#
1-0

[Event "Just a big, fast round robin"]
[Site "SchemingMind.com"]
[Date "2008.12.12"]
[Round "-"]
[White "Orhany24"]
[Black "acbrasileiro"]
[Result "0-1"]
[WhiteCountry "TUR"]
[BlackCountry "BRA"]
[WhiteElo "1813"]
[WhiteRD "73"]
[BlackElo "1975"]
[BlackRD "73"]
[GameID "182801"]

1. d4 d5 2. c4 e6 3. Nc3 Nf6 4. e3 Bb4 5. Qc2 O-O 6. a3 Be7 7. Nf3 c5 8. Be2 Nc6 9. O-O dxc4 10. Bxc4 cxd4
11. exd4 Nxd4 12. Nxd4 Qxd4 13. Be2 Bd7 14. Be3 Qe5 15. Rad1 Bc6 16. Rfe1 Nd5 17. Bd4 Qg5 18. Ne4 Qg6 19. Bd3 Qh6 20. Ng3 g6
21. Ne4 Rfd8 22. Be3 Nxe3 23. Rxe3 Qg7 24. b4 Rac8 25. Qb1 Rd4 26. Bc2 Rxd1+ 27. Qxd1 Rd8 28. Qe1 Qb2 29. Qc3 Qxc3 30. Nxc3 Rd2
31. Re2 Rxe2 32. Nxe2 Bf6 33. a4 b5 34. axb5 Bxb5 35. Nc1 Be7 36. Na2 Bc4
0-1

[Event "Just a big, fast round robin"]
[Site "SchemingMind.com"]
[Date "2008.12.11"]
[Round "-"]
[White "Negrito19"]
[Black "acbrasileiro"]
[Result "0-1"]
[WhiteCountry "ARG"]
[BlackCountry "BRA"]
[WhiteElo "1630"]
[WhiteRD "61"]
[BlackElo "1975"]
[BlackRD "73"]
[GameID "182802"]

1. e4 c5 2. d4 cxd4 3. Qxd4 Nc6 4. Qc3 e6 5. Nf3 Bb4 6. Qxb4 Nxb4 7. a3 Nxc2+ 8. Kd1 Nxa1 9. Nbd2 Qc7 10. Bd3 Qd6
11. Bc4 b5 12. e5 Qb6 13. Be2 Qxf2 14. Bxb5 Rb8 15. Be2 Nb3 16. Ne4 Qb6 17. Nc3 Nxc1 18. Kxc1 Qxb2+ 19. Kd1 Qxc3 20. Nd2 Rb2
21. Ke1 Qxd2+ 22. Kf2 Qxe2+ 23. Kg3 Qe3+
0-1

[Event "Just a big, fast round robin"]
[Site "SchemingMind.com"]
[Date "2008.12.11"]
[Round "-"]
[White "chessleon"]
[Black "Orhany24"]
[Result "0-1"]
[WhiteCountry "NED"]
[BlackCountry "TUR"]
[WhiteElo "1654"]
[WhiteRD "73"]
[BlackElo "1756"]
[BlackRD "73"]
[GameID "182864"]

1. c4 c5 2. Nf3 Nc6 3. d4 cxd4 4. Nxd4 e6 5. Nc3 d5 6. e3 a6 7. Bd3 Nf6 8. O-O Be7 9. a3 O-O 10. Qc2 Nxd4
11. exd4 b6 12. h3 Bb7 13. cxd5 exd5 14. Bg5 g6 15. h4 Re8 16. Bxf6 Bxf6 17. Ne2 Rc8 18. Qd2 Bxh4 19. Qh6 Bg5 20. Qh3 b5
21. f4 Bf6 22. f5 Rc7 23. fxg6 fxg6 24. Nf4 Bc8 25. Qf3 Bxd4+ 26. Kh2 Qh4+ 27. Nh3 Be6 28. Qf4 Qxf4+ 29. Rxf4 Be5 30. Kg3 Rf8
31. Rf1 Bxh3 32. gxh3 Rcf7 33. Kg4 Rxf4+ 34. Kg5 Rxf1 35. Bxf1 Rxf1
0-1

[Event "Just a big, fast round robin"]
[Site "SchemingMind.com"]
[Date "2008.12.11"]
[Round "-"]
[White "chessleon"]
[Black "Negrito19"]
[Result "1-0"]
[WhiteCountry "NED"]
[BlackCountry "ARG"]
[WhiteElo "1654"]
[WhiteRD "73"]
[BlackElo "1612"]
[BlackRD "58"]
[GameID "182865"]

1. c4 e5 2. Nc3 Nf6 3. g3 d5 4. Bg2 dxc4 5. Qa4+ Bd7 6. Qxc4 c6 7. Nf3 b5 8. Qb3 Be6 9. Qc2 Nbd7 10. O-O Bc5
11. e3 g6 12. d4 exd4 13. exd4 Bb6 14. Be3 b4 15. Na4 Rc8 16. Nxb6 Bf5 17. Qc4 Qxb6 18. Qb3 Be6 19. Qc2 c5 20. dxc5 Nxc5
21. Qe2 O-O 22. Rac1 Nfe4 23. Nd4 Qd6 24. Nxe6 Qxe6 25. Qe1 Nd3 26. Qe2 Nxc1 27. Rxc1 Rxc1+ 28. Bxc1 Re8 29. Be3 Qxa2 30. Qb5 Re6
31. Qxb4 a5 32. Qb8+ Kg7 33. Bd4+ Kh6 34. Qf8+ Kg5 35. h4+ Kg4 36. f3+ Kf5 37. Qxf7+ Nf6 38. Bh3#
1-0

[Event "Just a big, fast round robin"]
[Site "SchemingMind.com"]
[Date "2008.12.11"]
[Round "-"]
[White "chessleon"]
[Black "acbrasileiro"]
[Result "0-1"]
[WhiteCountry "NED"]
[BlackCountry "BRA"]
[WhiteElo "1608"]
[WhiteRD "73"]
[BlackElo "1975"]
[BlackRD "73"]
[GameID "182866"]

1. c4 c5 2. Nf3 g6 3. g3 b6 4. Bg2 Bb7 5. O-O Bg7 6. d4 cxd4 7. Nxd4 Bxg2 8. Kxg2 Nf6 9. Nc3 O-O 10. e4 d6
11. Be3 Qd7 12. Qd2 Rc8 13. f4 Rxc4 14. e5 dxe5 15. fxe5 Nd5 16. Nf3 Nxc3 17. Qxd7 Nxd7 18. bxc3 Rxc3 19. Bf4 Rc2+ 20. Kg1 Re2
21. Rfe1 Rxe1+ 22. Rxe1 e6 23. Rd1 Rd8 24. Bg5 Rc8 25. Rxd7 h6 26. Rd8+ Rxd8 27. Bxd8 Kf8 28. Bc7 Ke7 29. Bd6+ Kd7 30. a3 Kc6
31. Kf2 Kd5 32. Ke3 f6 33. exf6 Bxf6 34. Bb4 h5 35. Kd3 a5 36. Bd2 a4 37. Bb4 g5 38. Nd2 b5 39. Ne4 Bd8 40. Nd6 Kc6
41. Ke4 Bf6 42. Ne8 Bh8 43. Be7 Bb2 44. Nf6 b4 45. Bxb4 Bxf6 46. h3 Kd7 47. Bc5 Be7 48. Be3 Bxa3 49. Bxg5 Bb2 50. Kd3 a3
51. Kc2 Be5 52. Kb3 Bxg3 53. Kxa3 Kd6 54. Kb3 Kd5 55. Kc3 Ke4 56. Kc2 Kf3 57. Kd1 h4 58. Bf6 Kg2 59. Ke2 Kxh3 60. Kf3 Kh2
61. Bd4 h3 62. Be3 Bd6 63. Bf2 Kh1 64. Be3 Bb4 65. Kg3 h2 66. Kf2 Be1+ 67. Kf3 e5 68. Bc5 Bc3 69. Bd6 Kg1 70. Bc5+ Bd4
0-1

[Event "Just a big, fast round robin"]
[Site "SchemingMind.com"]
[Date "2008.12.11"]
[Round "-"]
[White "Orhany24"]
[Black "chessleon"]
[Result "1-0"]
[WhiteCountry "TUR"]
[BlackCountry "NED"]
[WhiteElo "1766"]
[WhiteRD "74"]
[BlackElo "1637"]
[BlackRD "72"]
[GameID "182867"]

1. e4 c5 2. Nf3 d6 3. d4 cxd4 4. Nxd4 Nf6 5. Bd3 a6 6. c4 Qb6 7. Bc2 e5 8. Ne2 Nc6 9. a3 Be6 10. Bd3 Be7
11. O-O Na5 12. Nd2 O-O 13. b4 Nc6 14. Bb2 Qc7 15. Rc1 b6 16. h3 Qb7 17. Kh1 Rac8 18. f4 exf4 19. Nxf4 Bd7 20. Nd5 Nxd5
21. exd5 Ne5 22. Bxe5 dxe5 23. Qh5 h6 24. Qxe5 Bf6 25. Qe4 g6 26. Rxf6 Bf5 27. Rxf5 gxf5 28. Qxf5 f6 29. Qg6+ Qg7 30. Nf3 Qxg6
31. Bxg6 Kg7 32. Bf5 Rce8 33. Be6 f5 34. Rf1 Rf6 35. Nd4 f4 36. Rf3 h5 37. Nc6 Rfxe6 38. dxe6 Rxe6 39. b5 axb5 40. cxb5 Rf6
41. Kh2 Rf5 42. a4 Kg6 43. Ne7+
1-0

[Event "Just a big, fast round robin"]
[Site "SchemingMind.com"]
[Date "2008.12.12"]
[Round "-"]
[White "Negrito19"]
[Black "chessleon"]
[Result "0-1"]
[WhiteCountry "ARG"]
[BlackCountry "NED"]
[WhiteElo "1612"]
[WhiteRD "58"]
[BlackElo "1654"]
[BlackRD "73"]
[GameID "182868"]

1. e4 c5 2. d4 cxd4 3. Qxd4 Nc6 4. Qc3 e6 5. Nf3 Bb4 6. Bb5 Bxc3+ 7. Nxc3 a6 8. Ba4 b5 9. Bb3 Bb7 10. O-O Qc7
11. g3 Nf6 12. Bf4 d6 13. a4 O-O 14. axb5 axb5 15. Nxb5 Qb6 16. Rxa8 Rxa8 17. Nxd6 Ba6 18. Rd1 Be2 19. Nc4 Qb7 20. Nd6 Qd7
21. Rd2 Bxf3 22. e5 Nh5 23. Be3 Nxe5 24. c4 Ra1+ 25. Bd1 Rxd1+ 26. Rxd1 Nxc4 27. Rd3 Nxd6 28. Bc5 Bd5 29. h3 Nf6 30. g4 Nfe4
31. Bb4 h6 32. f3 Nf6 33. Kg2 Qb5 34. Rxd5 Qxd5 35. Bc3 Nc4 36. Kg3 Qd6+ 37. Kg2 Ne3+ 38. Kf2 Nd1+ 39. Kg2 Nxc3 40. bxc3 Qd2+
41. Kg3 Qxc3 42. Kg2 Nd5 43. h4 Nf4+ 44. Kg3 e5 45. g5 Qe1+ 46. Kg4 Qg1+ 47. Kf5 f6 48. gxf6 g6+ 49. Kxe5 Qe3+ 50. Kd6 Qe6+
51. Kc5 Qxf6 52. Kc4 Qd6 53. Kb5 Nd3 54. Kc4 Ne5+ 55. Kb5 Qc6+ 56. Kb4 Qc4+ 57. Ka5 Qb3 58. Ka6 Nd7 59. Ka5 Qb6+ 60. Ka4 Nc5+
61. Ka3 Qb3#
0-1

[Event "Just a big, fast round robin"]
[Site "SchemingMind.com"]
[Date "2008.12.12"]
[Round "-"]
[White "acbrasileiro"]
[Black "chessleon"]
[Result "1/2-1/2"]
[WhiteCountry "BRA"]
[BlackCountry "NED"]
[WhiteElo "1922"]
[WhiteRD "77"]
[BlackElo "1637"]
[BlackRD "72"]
[GameID "182869"]

1. Nf3 Nf6 2. b3 d6 3. Bb2 e5 4. d4 e4 5. Nfd2 d5 6. e3 Bd6 7. c4 c6 8. h3 O-O 9. Ba3 Bf5 10. cxd5 cxd5
11. Bxd6 Qxd6 12. Be2 Nc6 13. O-O Rac8 14. a3 Qe6 15. g4 Bg6 16. Qe1 h5 17. f3 hxg4 18. fxg4 Qd6 19. b4 Nh7 20. Qf2 Ng5
21. Qh2 Qxh2+ 22. Kxh2 f5 23. gxf5 Bxf5 24. Bg4 Bxg4 25. hxg4 Rxf1 26. Nxf1 Kf7 27. Nbd2 Rh8+=
1/2-1/2

[Event "Just a big, fast round robin"]
[Site "SchemingMind.com"]
[Date "2008.12.11"]
[Round "-"]
[White "drunkenmaster"]
[Black "Orhany24"]
[Result "1-0"]
[WhiteCountry "PHI"]
[BlackCountry "TUR"]
[WhiteElo "1991"]
[WhiteRD "72"]
[BlackElo "1766"]
[BlackRD "74"]
[GameID "182874"]

1. e4 c5 2. Nf3 Nc6 3. Bb5 a6 4. Bxc6 bxc6 5. O-O d5 6. d3 g6 7. Bd2 Bg7 8. Bc3 d4 9. Bd2 Nf6 10. b3 O-O
11. Na3 Bg4 12. h3 Bd7 13. Nc4 a5 14. a4 Ne8 15. Qe1 Nd6 16. Bxa5 Qb8 17. Nb6 Ra7 18. Nxd7 Rxd7 19. Bd2 e5 20. a5 Ra7
21. Ra4 f5 22. exf5 Rxf5 23. Ng5 h6 24. Ne4 Nxe4 25. Qxe4 Qd6 26. Raa1 Qf6 27. Rae1 Rf7 28. Re2 g5 29. f3 Qd6 30. Ree1 Qd5
31. a6 R5f6 32. Qg4 Ra7 33. Ra1 Rf8 34. Ra5 Rfa8 35. Rfa1 Qd6 36. h4 Qe7 37. hxg5 hxg5 38. Bxg5
1-0

[Event "Just a big, fast round robin"]
[Site "SchemingMind.com"]
[Date "2008.12.11"]
[Round "-"]
[White "drunkenmaster"]
[Black "Negrito19"]
[Result "1-0"]
[WhiteCountry "PHI"]
[BlackCountry "ARG"]
[WhiteElo "1958"]
[WhiteRD "72"]
[BlackElo "1612"]
[BlackRD "58"]
[GameID "182875"]

1. e4 e5 2. Nf3 Nc6 3. Bb5 Nge7 4. c3 a6 5. Ba4 d5 6. exd5 Qxd5 7. d4 Bg4 8. dxe5 Qxd1+ 9. Bxd1 O-O-O 10. Bg5 Nxe5
11. O-O f6 12. Nxe5 Rxd1 13. Bxf6 gxf6 14. Nxg4 Rxf1+ 15. Kxf1 f5 16. Ne5 Bg7 17. Nf3 Bh6 18. Nbd2 Rd8 19. Nc4 b5 20. Nce5 Bf4
21. Ke2 Rd5 22. Nd3 Ng6 23. g3 Bd6 24. a4 Kb7 25. axb5 Rxb5 26. b4 f4 27. c4 Rf5 28. c5 Be7 29. Ra2 h5 30. Nd4 Rf7
31. Nb3 f3+ 32. Kd2 Bg5+ 33. Kc3 Ka7 34. b5 Bf6+ 35. Kc4 Ne5+ 36. Nxe5 Bxe5 37. Rxa6+ Kb8 38. Rh6 Rf5 39. Na5 Kc8 40. Nc6 Bg7
41. Ne7+ Kd8 42. Nxf5 Bxh6 43. Nxh6 Kd7 44. Kd5 Ke7 45. h4 Kd7 46. g4 hxg4 47. Nxg4 Kc8 48. h5 Kd8 49. h6 Ke8 50. h7 Kd7
51. h8=Q Ke7 52. Qf6+ Kd7 53. c6+ Kc8 54. Qf8#
1-0

[Event "Just a big, fast round robin"]
[Site "SchemingMind.com"]
[Date "2008.12.11"]
[Round "-"]
[White "drunkenmaster"]
[Black "chessleon"]
[Result "1-0"]
[WhiteCountry "PHI"]
[BlackCountry "NED"]
[WhiteElo "1958"]
[WhiteRD "72"]
[BlackElo "1654"]
[BlackRD "73"]
[GameID "182876"]

1. e4 c5 2. Nf3 e6 3. d4 cxd4 4. Nxd4 a6 5. Bd3 Qc7 6. O-O Bc5 7. Nb3 Ba7 8. Qg4 g6 9. c4 Ne7 10. Bf4 d6
11. Qg3 e5 12. Be3 f5 13. Bxa7 Rxa7 14. Nc3 Nbc6 15. Rac1 f4 16. Qh4 O-O 17. Nd5 Nxd5 18. cxd5 Qe7 19. Qxe7 Nxe7 20. Rc7 Re8
21. Rfc1 Ra8 22. Na5 b5 23. Kf1 g5 24. Ke2 Bg4+ 25. f3 Bh5 26. Nb7 Rad8 27. Nxd8 g4 28. Nb7 gxf3+ 29. gxf3 Ng6 30. Nxd6 Rf8
31. Nf5 Rxf5 32. exf5 Nh4 33. Be4 Bf7 34. Ra7 Ng2 35. Rg1
1-0

[Event "Just a big, fast round robin"]
[Site "SchemingMind.com"]
[Date "2008.12.11"]
[Round "-"]
[White "drunkenmaster"]
[Black "acbrasileiro"]
[Result "0-1"]
[WhiteCountry "PHI"]
[BlackCountry "BRA"]
[WhiteElo "1939"]
[WhiteRD "75"]
[BlackElo "1975"]
[BlackRD "73"]
[GameID "182877"]

1. d4 d5 2. c4 e6 3. Nc3 Nf6 4. cxd5 exd5 5. Bg5 Be7 6. e3 O-O 7. Bd3 Be6 8. Qc2 h6 9. Bh4 c6 10. Nge2 Re8
11. O-O Nbd7 12. Rae1 Nh5 13. Bxe7 Qxe7 14. f3 Nb6 15. g4 Nf6 16. Ng3 c5 17. Nf5 Bxf5 18. Bxf5 cxd4 19. exd4 Qb4 20. Qf2 Rxe1
21. Rxe1 g6 22. Bd3 Kg7 23. a3 Qd6 24. Qd2 Nc4 25. Bxc4 dxc4 26. d5 a6 27. Qd4 b5 28. Kg2 Rd8
0-1

[Event "Just a big, fast round robin"]
[Site "SchemingMind.com"]
[Date "2008.12.12"]
[Round "-"]
[White "Orhany24"]
[Black "drunkenmaster"]
[Result "1-0"]
[WhiteCountry "TUR"]
[BlackCountry "PHI"]
[WhiteElo "1813"]
[WhiteRD "73"]
[BlackElo "1939"]
[BlackRD "75"]
[GameID "182878"]

1. e4 c5 2. Nf3 d6 3. d4 cxd4 4. Nxd4 Nf6 5. Nc3 Nc6 6. h3 e6 7. Be3 Be7 8. Bc4 a6 9. a3 Qc7 10. Bb3 Na5
11. Ba2 Nc4 12. Qc1 Nxe3 13. Qxe3 O-O 14. O-O b5 15. Rac1 Re8 16. Kh1 Bf8 17. f4 Bb7 18. Rce1 Rad8 19. Qg3 Qb6 20. Nf3 b4
21. axb4 Qxb4 22. Bb3 Nxe4 23. Nxe4 Bxe4 24. Ng5 Bf5 25. Qh4 Be7 26. Qh5 Bxg5 27. fxg5 d5 28. Qe2 Qb5 29. Qe5 d4 30. g4 Qxe5
31. Rxe5 Bg6 32. h4 h5 33. gxh5 Bxh5 34. Ra5 d3 35. cxd3 Rxd3 36. Ba2 Rh3+ 37. Kg2
1-0

[Event "Just a big, fast round robin"]
[Site "SchemingMind.com"]
[Date "2008.12.11"]
[Round "-"]
[White "Negrito19"]
[Black "drunkenmaster"]
[Result "0-1"]
[WhiteCountry "ARG"]
[BlackCountry "PHI"]
[WhiteElo "1612"]
[WhiteRD "58"]
[BlackElo "1958"]
[BlackRD "72"]
[GameID "182879"]

1. Nc3 d5 2. d4 Nf6 3. Bg5 e6 4. Bxf6 Qxf6 5. Nf3 c5 6. e4 cxd4 7. e5 Qd8 8. Qxd4 Nc6 9. Bb5 Bd7 10. Bxc6 bxc6
11. O-O c5 12. Qf4 Be7 13. a3 Rb8 14. b3 O-O 15. h3 Bc6 16. Rab1 a5 17. a4 Rb4 18. Qe3 d4 19. Qd2 Bxf3 20. gxf3 dxc3
21. Qxc3 Qd4 22. Qe1 Qh4 23. Kh2 Bg5 24. Rh1 Bf4+ 25. Kg1 Qg5+ 26. Kf1 Bxe5 27. c4 Rfb8 28. Rg1 Qf5 29. Qe4 Qxe4 30. fxe4 Rxb3
31. Rxb3 Rxb3 32. Rg5 f6 33. Rg4 Rb4 34. f4 Bd4 35. f5 e5 36. Rg2 Rxc4 37. Ra2 Rb4 38. h4 c4 39. Ke2 Rb2+ 40. Rxb2 Bxb2
41. Kd2 Bd4 42. Kc2 g5 43. hxg5 fxg5 44. Kd2 g4 45. Ke2 c3 46. f6 c2 47. Kd2 g3 48. Kxc2 g2 49. Kd3 g1=Q 50. f7+ Kxf7
51. Kc4 Qc1+ 52. Kb5 Qc5+ 53. Ka6 Qb6#
0-1

[Event "Just a big, fast round robin"]
[Site "SchemingMind.com"]
[Date "2008.12.11"]
[Round "-"]
[White "chessleon"]
[Black "drunkenmaster"]
[Result "0-1"]
[WhiteCountry "NED"]
[BlackCountry "PHI"]
[WhiteElo "1654"]
[WhiteRD "73"]
[BlackElo "1958"]
[BlackRD "72"]
[GameID "182880"]

1. c4 e6 2. d4 Nf6 3. g3 c5 4. d5 exd5 5. cxd5 d6 6. Bg2 g6 7. Nc3 Bg7 8. Nf3 O-O 9. e4 a6 10. O-O Re8
11. Nd2 b5 12. a3 Nbd7 13. f4 c4 14. Qf3 Nc5 15. Rb1 Nfd7 16. b4 cxb3 17. Nxb3 Nxb3 18. Rxb3 Nc5 19. Rb1 Bxc3 20. Qxc3 Nxe4
21. Bxe4 Rxe4 22. Qc6 Bh3 23. Rd1 Ra7 24. Qc3 Qb6+ 25. Kh1 Qf2 26. Rg1 Re2 27. g4 Qxh2#
0-1

[Event "Just a big, fast round robin"]
[Site "SchemingMind.com"]
[Date "2008.12.11"]
[Round "-"]
[White "acbrasileiro"]
[Black "drunkenmaster"]
[Result "1-0"]
[WhiteCountry "BRA"]
[BlackCountry "PHI"]
[WhiteElo "1975"]
[WhiteRD "73"]
[BlackElo "1939"]
[BlackRD "75"]
[GameID "182881"]

1. d4 Nf6 2. e3 d6 3. c4 g6 4. b4 Bg7 5. Bb2 O-O 6. Nf3 Nbd7 7. Nc3 e5 8. dxe5 dxe5 9. Nd5 Nxd5 10. cxd5 Qe7
11. Qb3 Nb6 12. e4 Bd7 13. Be2 a5 14. bxa5 Rxa5 15. O-O Ba4 16. Qc3 Rfa8 17. Ba3 Qd8 18. Bb4 R5a7 19. Rfc1 c6 20. dxc6 Bxc6
21. Qc2 Ra4 22. a3 Nd7 23. Nd2 Bf8 24. Nb3 Bxb4 25. axb4 Rxb4 26. Rxa8 Qxa8 27. Ra1 Ra4 28. Rxa4 Qxa4 29. f3
1-0

[Event "Just a big, fast round robin"]
[Site "SchemingMind.com"]
[Date "2008.12.11"]
[Round "-"]
[White "lacus66"]
[Black "Orhany24"]
[Result "1-0"]
[WhiteCountry "HUN"]
[BlackCountry "TUR"]
[WhiteElo "1695"]
[WhiteRD "77"]
[BlackElo "1715"]
[BlackRD "77"]
[GameID "182895"]

1. d4 d5 2. e4 dxe4 3. Nc3 f5 4. f3 Nf6 5. Bg5 exf3 6. Nxf3 e6 7. Bc4 Bb4 8. O-O O-O 9. Ne5 c5 10. d5 Bxc3
11. bxc3 Nbd7 12. Nxd7 Bxd7 13. dxe6
1-0

[Event "Just a big, fast round robin"]
[Site "SchemingMind.com"]
[Date "2008.12.11"]
[Round "-"]
[White "lacus66"]
[Black "Negrito19"]
[Result "1-0"]
[WhiteCountry "HUN"]
[BlackCountry "ARG"]
[WhiteElo "1688"]
[WhiteRD "70"]
[BlackElo "1612"]
[BlackRD "58"]
[GameID "182896"]

1. d4 d5 2. e4 dxe4 3. Nc3 Nf6 4. f3 exf3 5. Nxf3 Bg4 6. h3 Bh5 7. g4 Bg6 8. Ne5 Qd5 9. Nxd5 Nxd5 10. Bg2 e6
11. Nxg6 hxg6 12. c4 Nd7 13. cxd5 exd5 14. Qe2+ Be7 15. Bxd5 c6 16. Bc4 g5 17. Bxg5 f6 18. Bf4 Nb6 19. Bd6 Nc8 20. Bxe7 Nxe7
21. Qe6 Rf8 22. O-O-O b5 23. Bb3 a5 24. d5 a4 25. d6 Ra7 26. d7+ Kd8 27. Qd6 Rb7 28. Rhe1 axb3 29. Qxe7+ Kc7 30. d8=Q#
1-0

[Event "Just a big, fast round robin"]
[Site "SchemingMind.com"]
[Date "2008.12.11"]
[Round "-"]
[White "lacus66"]
[Black "drunkenmaster"]
[Result "0-1"]
[WhiteCountry "HUN"]
[BlackCountry "PHI"]
[WhiteElo "1695"]
[WhiteRD "77"]
[BlackElo "1915"]
[BlackRD "76"]
[GameID "182898"]

1. d4 e6 2. e4 d5 3. e5 c5 4. c3 Nc6 5. Nf3 Qb6 6. Qc2 Bd7 7. Bd3 cxd4 8. cxd4 Nxd4 9. Nxd4 Qxd4 10. Qe2 Ne7
11. Qe3 Qxe3+ 12. Bxe3 Nc6 13. f4 Nb4 14. Kd2 Nxd3 15. Kxd3 Bb5+ 16. Kc3 Rc8+ 17. Kb3 Rc4 18. a3 a6 19. Ka2 Rc2 20. Rc1 Bc4#
0-1

[Event "Just a big, fast round robin"]
[Site "SchemingMind.com"]
[Date "2008.12.11"]
[Round "-"]
[White "lacus66"]
[Black "acbrasileiro"]
[Result "0-1"]
[WhiteCountry "HUN"]
[BlackCountry "BRA"]
[WhiteElo "1635"]
[WhiteRD "71"]
[BlackElo "1922"]
[BlackRD "77"]
[GameID "182899"]

1. d4 d5 2. e4 dxe4 3. Nc3 Bf5 4. f3 Nf6 5. Bg5 exf3 6. Nxf3 e6 7. Ne5 h6 8. Bxf6 Qxf6 9. Nf3 Bb4 10. Bd3 O-O
11. O-O Bxd3 12. Qxd3 Bxc3 13. Qxc3 Qe7 14. Ne5 c6 15. Rae1 Nd7 16. Ng4 Qg5 17. Qf3 Qd5 18. Qg3 Qxd4+ 19. Kh1 Kh7 20. c3 Qc5
21. b4 Qe7 22. Qf4 Rae8 23. Rf3 g5 24. Qe4+ f5 25. Qd3 Qg7 26. Nxh6 Kxh6 27. Rh3+ Kg6 28. g4 Nf6 29. Rxe6 Rxe6 30. gxf5+ Kf7
31. fxe6+ Kxe6 32. Re3+ Kf7 33. Qc4+ Nd5 34. Rf3+ Kg8 35. Rg3 Rf4 36. Qe2 Qe7 37. Qxe7 Nxe7 38. Rxg5+ Kf7 39. Kg2 Rc4 40. Rg3 Nd5
0-1

[Event "Just a big, fast round robin"]
[Site "SchemingMind.com"]
[Date "2008.12.12"]
[Round "-"]
[White "Orhany24"]
[Black "lacus66"]
[Result "1-0"]
[WhiteCountry "TUR"]
[BlackCountry "HUN"]
[WhiteElo "1756"]
[WhiteRD "73"]
[BlackElo "1688"]
[BlackRD "70"]
[GameID "182900"]

1. e4 e6 2. d4 d5 3. exd5 exd5 4. c4 Bb4+ 5. Nc3 Bxc3+ 6. bxc3 Qe7+ 7. Be3 Nf6 8. Bd3 c6 9. Ne2 O-O 10. O-O Nbd7
11. cxd5 Nxd5 12. Bd2 N7b6 13. h3 Be6 14. c4 Nc7 15. Rc1 c5 16. d5 Bd7 17. Nf4 Qd6 18. Qh5 g6 19. Qh6 Ne8 20. Rfe1 Qf6
21. Rxe8 Raxe8 22. Bc3 Qd6 23. Qg7#
1-0

[Event "Just a big, fast round robin"]
[Site "SchemingMind.com"]
[Date "2008.12.12"]
[Round "-"]
[White "Negrito19"]
[Black "lacus66"]
[Result "1-0"]
[WhiteCountry "ARG"]
[BlackCountry "HUN"]
[WhiteElo "1612"]
[WhiteRD "58"]
[BlackElo "1688"]
[BlackRD "70"]
[GameID "182901"]

1. e4 e6 2. d4 d5 3. e5 c5 4. Nf3 c4 5. b3 b5 6. c3 Be7 7. Bd2 f6 8. exf6 Nxf6 9. a4 Ba6 10. axb5 Bxb5
11. bxc4 Bxc4 12. Bxc4 dxc4 13. Qa4+ Qd7 14. Qxc4 Qc6 15. Qd3 O-O 16. O-O Nbd7 17. Ra6 Qd5 18. c4 Qf5 19. Qb3 Rfb8 20. Qa2 Rb7
21. c5 Qd5 22. Qxd5 exd5 23. Re6 Kf7 24. Ng5+ Kg6 25. Rxe7 Re8 26. Rxe8 Nxe8 27. c6 Rc7 28. cxd7 Rxd7 29. h4 Nf6 30. Nc3 h6
31. Ne6 Kf7 32. Nc5 Rd8 33. Re1
1-0

[Event "Just a big, fast round robin"]
[Site "SchemingMind.com"]
[Date "2008.12.12"]
[Round "-"]
[White "chessleon"]
[Black "lacus66"]
[Result "0-1"]
[WhiteCountry "NED"]
[BlackCountry "HUN"]
[WhiteElo "1654"]
[WhiteRD "73"]
[BlackElo "1688"]
[BlackRD "70"]
[GameID "182902"]

1. c4 g6 2. d4 Nf6 3. Nf3 Bg7 4. Nc3 O-O 5. e4 d6 6. h3 c5 7. e5 dxe5 8. dxe5 Qxd1+ 9. Nxd1 Nfd7 10. Bf4 e6
11. Nc3 Nc6 12. Ne4 Ncxe5 13. Nxe5 Nxe5 14. Nxc5 b6 15. Nb3 Nc6 16. Rb1 e5 17. Be3 e4 18. Be2 Ba6 19. Nd4 Nxd4 20. Bxd4 Bxd4
21. O-O Rac8 22. b3 f5 23. g4 f4 24. Rbd1 Rcd8 25. Kh2 f3 26. Bd3 exd3 27. Rxd3 b5 28. Rfd1 Bb6 29. Kg3 bxc4 30. Rxd8 Rxd8
31. Rxd8+ Bxd8 32. bxc4 Bxc4
0-1